01135nam a2200193Ia 4500001001100000003001000011008004100021040002500062041001300087100003200100245002300132250001100155260009200166300001100258500026200269501011400531520026200645650003400907L240-46640IT-CnALBA170116s9999||||xx |||||||||||||| ||und|| aIT-CnALBAcIT-CnALBA aITALIANO aCAMISANI ENRICO, SAC. POETA 0aIN NOMINE DOMINI.  a1a ed. a BRESCIA, MILANObPAVONIANA TIPOLITOGR. c1996 [1° Ed.:1996 - Ed.Ling.Originale: 1996] a79 p.  aNEL NOME DEL SIGNORE. VERDE SILENZIO. ANCIPITE CONFLITTO. IDIOSINCRASIA. TRAMONTO. GIORNATA DI FUOCO. SUPPLICA ONIRICA. LUNGO GIORNO DI BRESCIA. SOSTA... E SERGENTE. GIRO DI VALZER. SALOMÈ. TEATRINO. VOGLIA DI ROGO. INNO CORALE ALLA VITA. FELLINI. CALENDI aSocietà San Paolo EM - Piazza San Paolo, 14 - 12051 ALBA (CN) (non commercial uses only) ® Copyright 2017 aNEL NOME DEL SIGNORE. VERDE SILENZIO. ANCIPITE CONFLITTO. IDIOSINCRASIA. TRAMONTO. GIORNATA DI FUOCO. SUPPLICA ONIRICA. LUNGO GIORNO DI BRESCIA. SOSTA... E SERGENTE. GIRO DI VALZER. SALOMÈ. TEATRINO. VOGLIA DI ROGO. INNO CORALE ALLA VITA. FELLINI. CALENDI aTEOLOGIA SPIRITUALE CRISTIANA